Central Library OPAC University of Rajshahi

The collected poems of Isaac Rosenberg / (Record no. 18605)

MARC details
000 -LEADER
fixed length control field 00844nam a22002292 4500
001 - CONTROL NUMBER
control field 18605
003 - CONTROL NUMBER IDENTIFIER
rucl marc code BD-RjUL
005 - DATE AND TIME OF LATEST TRANSACTION
control field 20211209000317.0
008 - FIXED-LENGTH DATA ELEMENTS--GENERAL INFORMATION
fixed length control field 140220r19621937nyu 001 0 eng d
035 ## - SYSTEM CONTROL NUMBER
System control number OCLC ocm07966156 from D960925M
-- (BD-RjUL)18663
040 ## - CATALOGING SOURCE
Original cataloging agency PLF
Transcribing agency PLF
Modifying agency BD-RjUL
Language of cataloging eng
041 ## - LANGUAGE CODE
Language code of text/sound track or separate title eng
082 ## - DEWEY DECIMAL CLASSIFICATION NUMBER
Classification number 821.9
Author mark and year ROC 1962
100 1# - MAIN ENTRY--PERSONAL NAME
Personal name Rosenberg, Isaac,
Dates associated with a name 1890-1918.
9 (RLIN) 57309
245 14 - TITLE STATEMENT
Title The collected poems of Isaac Rosenberg /
Statement of responsibility, etc. edited by Gordon Bottomley & Denys Harding ; with a foreword by Siegfried Sassoon.
260 ## - PUBLICATION, DISTRIBUTION, ETC. (IMPRINT)
Place of publication, distribution, etc. London :
Name of publisher, distributor, etc. Chatto and Windus,
Date of publication, distribution, etc. 1962.
300 ## - PHYSICAL DESCRIPTION
Pagination viii,240 p. ;
Size 19 cm.
500 ## - GENERAL NOTE
General note Reprint of part of the work originally pub. by Chatto and Windus, London, under title: The collected works of Isaac Rosenberg.
504 ## - BIBLIOGRAPHY, ETC. NOTE
Bibliography, etc Includes index.
650 ## - SUBJECT ADDED ENTRY--TOPICAL TERM
Topical term or geographic name as entry element Poetry
9 (RLIN) 57310
942 ## - ADDED ENTRY ELEMENTS (KOHA)
Source of classification or shelving scheme Dewey Decimal Classification
Koha item type Books
Holdings
Lost status Source of classification or shelving scheme Damaged status Not for loan Collection code Permanent Location Current Location Shelving location Date acquired Source of acquisition Cost, normal purchase price Total Checkouts Full call number Date last seen Copy number Koha item type
  Dewey Decimal Classification   Not For Loan Fiction Central Library, University of Rajshahi Central Library, University of Rajshahi Reading Room 11/04/1964 Zeitlinger 18.00   821.9 ROC 1962 20/02/2014 C-1 Books